Estadísticas para Socios Comerciales más Grandes - Rusia

Haz click aquí para intentar la prueba.

Estadísticas generales

  • Esta prueba ha sido intentada 1.136 veces
  • La puntuación promedio es 15 de 19

Estadísticas de respuestas

ExportacionesImportacionesPaís% Correcto
28.738.3China
99%
9.411.1Estados Unidos
98%
21.319.5Alemania
97%
9.46.7Japón
95%
8.5Francia
92%
5.3India
90%
6.34.0Ucrania
90%
10.05.1Corea del Sur
86%
7.03.4Reino Unido
85%
14.19.4Bielorrusia
84%
11.97.8Italia
84%
6.52.5Finlandia
83%
9.14.0Polonia
82%
13.7Turquía
82%
2.5Brasil
81%
9.43.6Kazajistán
80%
29.33.0Países Bajos
51%
5.7Bélgica
47%
2.8República Checa
39%

Distribución de puntuación

Porcentaje por número respondido

Porcentaje de gente con cada puntuación

Historial de tus puntuaciones

No has intentado esta prueba.